000 00648cam a2200193 4500500
005 20260329010156.0
041 _afre
042 _adc
100 1 0 _aLa rédaction
_eauthor
245 0 0 _aClotilde Leguil : “Lacan restitue le mystère de ce qui est vu”
260 _c2024.
500 _a53
690 _aArt
690 _aClotilde Leguil
690 _aJacques Lacan
690 _aPsychanalyse
786 0 _nPhilosophie magazine - Hors séries | Hors série - Hiver 2024 | HS60 | 2024-01-01 | p. 49-58 | 2104-9246
856 4 1 _uhttps://shs.cairn.info/magazine-philosophie-magazine-2024-hs60-page-49?lang=fr&redirect-ssocas=7080
999 _c1850115
_d1850115